| 000 | 00636nam a22002177a 4500 | ||
|---|---|---|---|
| 003 | UA-OsUOA | ||
| 001 | 131487 | ||
| 007 | ta | ||
| 008 | 20180606b un ||||| |||| 00| 0 ukr d | ||
| 090 |
_a82.09:811(043.2) _bМ54 |
||
| 942 | _cBK | ||
| 040 |
_aUA-OsUOA _bukr _cUA-OsUOA _dUA-OsUOA |
||
| 245 |
_aМетодологія культурного процесу _bтези та матеріали |
||
| 300 | _a156 с. | ||
| 955 | _a1 | ||
| 041 | _aukr | ||
| 080 | _a82.09:811(043.2) | ||
| 260 |
_aТернопіль _bТДПІ _c1991 |
||
| 650 | 7 |
_a82 Література. Літературознавство _2UDC |
|
| 999 |
_c419747 _d419747 |
||